000
00324nam a2200133Ia 4500
005
20251222143116.0
008
251222s9999||||xx |||||||||||||| ||spa||
082
_a
985.075/W55
100
_a
Wiener Fresco, Raúl Alfredo
245
0
_a
El Reeleccionista
250
_a
1ra.ed.
264
_b
Impresiones, S.R.L.
942
_c
LIB
999
_c
11336
_d
11336